| 000 | 00364 a2200157 4500 | ||
|---|---|---|---|
| 999 |
_c12858 _d12858 |
||
| 003 | OSt | ||
| 005 | 20240807155841.0 | ||
| 008 | 240807b ||||| |||| 00| 0 eng d | ||
| 020 | _a9781781576373 | ||
| 082 | _a778 | ||
| 100 | _aMichael Freeman | ||
| 245 | _aFifty Paths to Creative Photography | ||
| 260 |
_b Ilex Press _c2019 |
||
| 300 | _a224p; | ||
| 942 | _2ddc | ||